000 00580nam a2200193 u 4500
005 20240511063839.0
008 080724s2006 cl r 000 0 spa d
020 _a958302225X
035 _aUPN01000158117
049 _aI
050 4 _aPZ10.3
_bW6.3
100 1 _aWolf, Tony
245 1 0 _aAldin :
_bel osito mágico /
_cTony Wolf ; textos Ana Casalis ; tr. Lino Forte.
260 _aBogotá :
_bPanamericana,
_cc2006.
300 _a[35] p. :
_bprincipalmente il. col.
650 4 _aOsos
_vCuentos y leyendas
_910810
650 4 _aCuentos infantiles
_96744
905 _aInfantil
999 _c130231
_d130231